000 00385nam a2200145Ia 4500
008 100204s9999 xx 000 0 und d
082 _b9976
100 _aसाठे माया
245 _aबेरड
260 _b"प्रिया प्रकाशन, मुंबई"
_c1987
300 _a199
630 _aबेरड
730 _aबेरड
942 _cBOOK
999 _c454412
_d454409